Global marketing : concepts, strategies, practice : text and readings /

Global marketing. The economic environment. The financial environment. The political and legal environment. The cultural environment. Global product strategies. Global pricing decisions...

Sparad:
Bibliografiska uppgifter
Huvudupphovsman: Akhter, Syed H.
Materialtyp: Bok
Språk:English
Publicerad: Cincinnati, OH : South-Western College, 1995.
Ämnen:
Taggar: Lägg till en tagg
Inga taggar, Lägg till första taggen!
Thư viện lưu trữ: Mạng thư viện Đại học Đà Nẵng
LEADER 01071cam a2200337 i 4500
001 000049370
003 9115
005 20051111143316.0
008 010322b1995 vm 000 eng
020 |a 0538831766 
040 |a IRC  |c IRC  |d IRC 
041 0 |a eng 
082 1 4 |a 658.848  |b AK-S 
100 1 |a Akhter, Syed H. 
245 0 0 |a Global marketing :  |b concepts, strategies, practice : text and readings /  |c Syed H. Akhter. 
260 |a Cincinnati, OH :  |b South-Western College,  |c 1995. 
300 |a xxii, 634 p. :  |b ill. ;  |c 24cm. 
520 3 |a Global marketing. The economic environment. The financial environment. The political and legal environment. The cultural environment. Global product strategies. Global pricing decisions... 
630 0 4 |a Marketing. 
630 0 4 |a Export marketing. 
650 0 4 |a Export marketing. 
OWN |a DUT 
999 |a From the UDN01 
TYP |a Monograph 
TYP |a Printed language 
980 |a Mạng thư viện Đại học Đà Nẵng